Szczegóły MARC21

Der Findling : gelesen von Otto Sander /

001 -Numer kontrolny rekordu [,]
    • @
    • pole kontrolne
    • xx001568217
003 -Nazwa instytucji [,]
    • @
    • pole kontrolne
    • NUKAT
005 -Data i czas ostatniej zmiany [,]
    • @
    • Data ostatniej zmiany
    • 20241231103627.0
007 -Forma fizyczna dokumentu dźwiękowego [,]
    • @
    • Forma fizyczna dokumentu dźwiękowego
    • sd fungnn|||ed
008 -Pole stałej długości [,]
    • @
    • pole
    • 100322s2002 gw nnnng f n ger c
028 -Oznaczenie katalogowe dokumentu dźwiękowego [1,1]
    • a
    • Oznaczenie katalogowe
    • PRO-213827
    • b
    • Nazwa wydawcy
    • House of Audio
035 -Inne numery kontrolne [ , ]
    • a
    • Numer kontrolny
    • (OCoLC)751176526
040 -Instytucja sporządzająca opis [ , ]
    • c
    • Instytucja, która sporządziła rekord (NP)
    • GD PAN/KG
942 -Rodzaj dokumentu [ , ]
    • c
    • Rodzaj dokumentu
    • Dokument Dźwiękowy - płyta
100 -Hasło główne - nazwa osobowa [1, ]
    • a
    • Nazwa osobowa (NP)
    • Kleist, Heinrich von
    • d
    • Daty biograficzne (NP)
    • (1777-1811).
245 -Strefa tytułu i oznaczenia odpowiedzialności [1,4]
    • a
    • Tytuł
    • Der Findling :
    • b
    • Ciąg dalszy tytułu (NP)
    • gelesen von Otto Sander /
    • c
    • Pozostałe elementy strefy tytułu i oznaczenia odpowiedzialności (NP)
    • Heinrich von Kleist .
260 -Strefa adresu wydawniczego [ , ]
    • a
    • Miejsce wydania (P)
    • Berlin :
    • b
    • Nazwa wydawcy (P)
    • Friedrich Berlin Verlag ,
    • c
    • Data wydania (P)
    • [2002].
300 -Strefa opisu fizycznego [ , ]
    • a
    • Określenie formy książki i/lub objętość (NP)
    • 1 płyta CD (44 min 04 s) :
    • b
    • Inne szczegóły opisu fizycznego (NP)
    • digital ;
    • c
    • Format (NP)
    • 12 cm
306 -Czas nagrania [ , ]
    • a
    • Czas nagrania
    • 004404
336 -Typ zawartości [ , ]
    • a
    • Termin określający typ nośnika
    • Słowo mówione
    • b
    • Kod określający zawartość
    • spw
    • 2
    • Źródło (termin i kod)
    • rdacontent
337 -Typ mediów [ , ]
    • a
    • Tryb odtwarzania
    • Audio
    • b
    • Kod typu nośnika
    • s
    • 2
    • Źródło (termin i kod)
    • rdamedia
338 -Typ/rodzaj nośnika [ , ]
    • a
    • Hasło opisujące typ nośnika
    • Płyta audio
    • b
    • Kod typu nośnika
    • sd
    • 2
    • Źródło (termin i kod)
    • rdacarrier
500 -Uwaga ogólna [ , ]
    • a
    • Uwaga ogólna (NP)
    • Dod. do Theater Heute, no. 12 (December 2002).
500 -Uwaga ogólna [ , ]
    • a
    • Uwaga ogólna (NP)
    • Tyt. z etykiety dysku.
655 -Hasło przedmiotowe - forma [ ,7]
    • a
    • Określenie rzeczowe
    • Nowele niemieckie
    • y
    • Określnik chronologiczny
    • 19 w.
700 -Hasło dodatkowe - nazwa osobowa [1, ]
    • a
    • Nazwa osobowa (NP)
    • Sander, Otto
    • d
    • Daty biograficzne (NP)
    • (1941-2013).
    • e
    • Określenie rodzaju współpracy (NP)
    • Lekt.
Numer inwentarzowy Sposób nabycia Data inwentaryzacji Kierowanie Cena Status udostępniania Akcesja Kod kreskowy Data wprowadzenia opisu Sygnatura
Ad.3019d2023-02-14BM10.00-322d099/220050200301962022-02-03Germ. Audiobooki 82